Les fruits #10 - La framboise - Statistiques

Statistiques générales
  • Ce quiz a été pris 84 fois
  • Le résultat moyen est 4 sur 12
Statistiques - réponses
Informations Réponses % Correct
Couleur Rouge
91%
Plante Framboisier
83%
Pays qui en exporte le plus Espagne
64%
_______ aux framboises Sorbet | Tarte
54%
Pâte à tartiner aux framboises Confiture aux framboises
46%
Origine Europe occidentale
30%
Pays qui en produit le plus Russie
22%
Famille Rosacées
11%
Variétés populaires du fruit Ambrées | Blanches | Jaunes | Noires | Orange | Pourpres
5%
Régions de France qui produit le plus de framboises Corrèze | Rhône-Alpes
4%
Nom scientifique Rubus idaeus
4%
Pays qui en produit le plus en Europe Serbie
4%
Aucun quiz correspondant
Distribution des résultats
% des personnes avec chaque résultat
Percentile par nombre de réponses
Votre historique - résultats
Vous n’avez pas pris ce quiz